It looks like you're offline.
Open Library logo
additional options menu

MARC Record from Scriblio

Record ID marc_records_scriblio_net/part28.dat:176698512:720
Source Scriblio
Download Link /show-records/marc_records_scriblio_net/part28.dat:176698512:720?format=raw

LEADER: 00720cam 22002051 4500
001 agr10001023
003 DLC
005 20050606183522.0
008 760928s1902 ohuaf 000 0 eng c
010 $aagr10001023
035 $a(OCoLC)2470227
040 $aU.S. Dept. of Agr. Library$cUU$dOCoLC$dDLC
042 $apremarc
050 00 $aAS36$b.L592 no. 3
100 1 $aLloyd, C. G.$q(Curtis Gates),$d1859-1926.
245 04 $aThe genera of Gasteromycetes ...$cBy C. G. Lloyd.
260 $aCincinnati, O.,$bJ.U. & C.G. Lloyd,$c1902.
300 $a24 p. incl. illus., 11 pl. on 6 l.$c23 cm.
490 0 $aBulletin of the Lloyd library of botany, pharmacy and materia medica,$vno. 3. Mycological series, no. 1
650 0 $aGasteromycetes.